Malé podniky, veľký kapitál

Význam malých a stredných podnikov v zamestnanosti. Počiatočné ťažkosti v podnikaní. Mikropôžičky SBA a eurofondy z Programu rozvoja vidieka SR. Zánik veľkej časti MSP do dvoch rokov podnikania. Hodnotenie bonity klienta bankami pri poskytnutí úveru. Granty Európskej únie.

Na minha lista:
Detalhes bibliográficos
Autor principal: Lászlóová, Klaudia
Formato: Capítulo de Livro
Idioma:eslovaco
Assuntos:
Tags: Adicionar Tag
Sem tags, seja o primeiro a adicionar uma tag!

MARC

LEADER 00000naa a2200000 4500
001 0224373
005 20231113084027.3
041 0 |a slo 
044 |a SK 
245 1 0 |a Malé podniky, veľký kapitál  |c Klaudia Lászlóová 
520 |a Význam malých a stredných podnikov v zamestnanosti. Počiatočné ťažkosti v podnikaní. Mikropôžičky SBA a eurofondy z Programu rozvoja vidieka SR. Zánik veľkej časti MSP do dvoch rokov podnikania. Hodnotenie bonity klienta bankami pri poskytnutí úveru. Granty Európskej únie. 
610 2 0 |a podnikanie 
610 2 0 |a podnik malý 
610 2 0 |a podnik stredný 
610 2 0 |a zamestnanosť 
610 2 0 |a financovanie 
610 2 0 |a financie 
610 2 0 |a úver 
610 2 0 |a fondy Európskej únie 
610 2 0 |a granty 
100 1 |a Lászlóová, Klaudia